Again - Noah Cyrus Feat. XXXTENTACION - All Lyrics - Statistics

General Stats
  • This quiz has been taken 64 times
  • The average score is 255 of 306
Answer Stats
Answer % Correct
“I
98%
I
98%
I,
98%
"I
98%
again
95%
again)
95%
Again,
95%
don't
95%
Ooh,
95%
when
95%
You
95%
you
95%
be
93%
it,
93%
love
93%
lover
93%
lover,
93%
friend”
91%
me
91%
me)
91%
my
91%
tell
91%
(Tell
91%
that
91%
what
91%
your
91%
And
88%
and
88%
know
88%
So
88%
wanna
88%
got
86%
the
86%
just
81%
it's
79%
'til
79%
gone,
77%
gone
77%
babe,
74%
Baby,
74%
in
74%
made
74%
mistake
74%
worst
74%
darling
70%
dear
70%
only
70%
regret
70%
up
70%
you'll
70%
You’ll
70%
end
67%
head
67%
say
67%
'Cause
65%
once
65%
I'm
63%
one
63%
then
63%
she's
60%
enough?
58%
give
58%
screaming
58%
take
58%
Was
58%
day
56%
everything
56%
her
51%
left
51%
where
51%
between
49%
can't
49%
hell
49%
hold
49%
myself
49%
wake
49%
wanting
49%
broken,
47%
from
47%
I'll
47%
slept
47%
Somewhere,
47%
Somewhere
47%
Saying
44%
breath
42%
running
42%
escape,
40%
hard
37%
ten
37%
clock
28%
hits
28%
leave
21%
No matching quizzes found
Score Distribution
Percent of People with Each Score
Percentile by Number Answered
Your Score History
You have not taken this quiz